00964nam a22002897a 450000500170000000800410001702000180005804000170007608200200009310000170011324500840013025000120021426000610022630000330028765000210032065000230034165000290036465000340039365000340042765000300046165000390049165000380053065000260056865000300059470000300062470000200065420240325161924.0240325b ||||| |||| 00| 0 eng d a9789353066697 cAIMIT LIBRAY 21a006.31bDUTS aDutt, Saikat aMachine Learning /cBy Saikat Dutt, Subramanian Chandramouli and Amit Kumar Das a1st ed. aNoida ;bPearson India Education Services Pvt. Ltdc2023 axxvii, 428p. ;bPB :c23 cm. aMachine Learning aPreparing to Model aModelling and Evaluation aBasics of Feature Engineering aBrief Overview of Probability aBayesian Concept Learning aSupervised Learning:Classification aSupervised Learning : Regression  aUnsupervised Learning aBasics of Neural Network  aChandramouli, Subramanian aDas, Amit Kumar